Groundwater contamination and control / (Record no. 1697)

000 -LEADER
fixed length control field 00352 a2200109 4500
020 ## - INTERNATIONAL STANDARD BOOK NUMBER
International Standard Book Number 0824789911 (alk. paper)
082 ## - DEWEY DECIMAL CLASSIFICATION NUMBER
Classification number 628.168 ZOL
245 ## - TITLE STATEMENT
Title Groundwater contamination and control /
Statement of responsibility, etc. edited by Uri Zoller.
260 ## - PUBLICATION, DISTRIBUTION, ETC.
Place of publication, distribution, etc. New York :
Name of publisher, distributor, etc. M. Dekker,
Date of publication, distribution, etc. 1994.
300 ## - PHYSICAL DESCRIPTION
Extent xii, 712 p. :
Other physical details ill., maps ;
Dimensions 26 cm.
650 ## - SUBJECT ADDED ENTRY--TOPICAL TERM
Topical term or geographic name entry element Groundwater
General subdivision Pollution.
650 ## - SUBJECT ADDED ENTRY--TOPICAL TERM
Topical term or geographic name entry element Groundwater
General subdivision Management.
Holdings
Withdrawn status Lost status Damaged status Not for loan Permanent Location Current Location Shelving location Date acquired Total Checkouts Full call number Barcode Date last seen Price effective from Koha item type
        School of Civil and Environmental Engineering (SCEE) School of Civil and Environmental Engineering (SCEE)       628.168 ZOL NIT-966 01/05/2017 01/05/2017 Book
© 2023 Central Library, National University of Sciences and Technology. All Rights Reserved.